| 000 | 00468nam a2200157 i 4500 | ||
|---|---|---|---|
| 001 | 189099 | ||
| 003 | SpMaBN | ||
| 005 | 20230906223358.0 | ||
| 008 | 190329s1950 xxu |||| | eng d | ||
| 080 | _a82-311.2"19" | ||
| 100 | 1 |
_aLofts, Norah. _973119 |
|
| 245 | 1 | 0 |
_aJassy / _cNorah Lofts. |
| 260 |
_aNew York : _bBatman Books, _c1950. |
||
| 300 |
_a278 p. ; _c17 cm. |
||
| 852 |
_aES-MaACL _jL-32267 _z. - Donat. herederos de la bibl. de Mª del Pilar Costa Palacín |
||
| 999 |
_c189099 _d189099 |
||